| 000 | 00502nam a22001937a 4500 | ||
|---|---|---|---|
| 005 | 20260514124403.0 | ||
| 008 | 260514b |||||||| |||| 00| 0 eng d | ||
| 020 |
_a9789332550117 _c1120.00 |
||
| 040 | _aMAIN | ||
| 041 | _aEnglish | ||
| 082 |
_a006.37 _bFOS |
||
| 100 |
_aFoster, David _92566 |
||
| 245 |
_aComputer Vision _b : A Modern Approach |
||
| 260 |
_aNoida _bPearson _c2026 |
||
| 300 | _a791 | ||
| 650 |
_aComputer Science (PM (USHA) _926808 |
||
| 700 |
_aPonce, Jean _926824 |
||
| 942 | _cBK | ||
| 999 |
_c60796 _d60796 |
||